Báo cáo nghiên cứu khả thi dự án đầu tư xây dựng cải tạo và mở rộng trung tâm giáo dục thường xuyên

Guardat en:
Dades bibliogràfiques
Autor principal: Ủy ban nhân dân tỉnh Cần Thơ
Format: Llibre
Idioma:Undetermined
Publicat: Cần Thơ Ủy ban nhân dân tỉnh Cần Thơ 1998
Matèries:
Etiquetes: Afegir etiqueta
Sense etiquetes, Sigues el primer a etiquetar aquest registre!
Thư viện lưu trữ: Trung tâm Học liệu Trường Đại học Cần Thơ
LEADER 00670nam a2200169Ia 4500
001 CTU_52784
008 210402s9999 xx 000 0 und d
082 |a 378 
082 |b U523 
100 |a Ủy ban nhân dân tỉnh Cần Thơ 
245 0 |a Báo cáo nghiên cứu khả thi dự án đầu tư xây dựng cải tạo và mở rộng trung tâm giáo dục thường xuyên 
245 0 |c Ủy ban nhân dân tỉnh Cần Thơ 
260 |a Cần Thơ 
260 |b Ủy ban nhân dân tỉnh Cần Thơ 
260 |c 1998 
650 |a universities and colleges 
980 |a Trung tâm Học liệu Trường Đại học Cần Thơ